Nombres geográficos de Costa Rica: Volumen 2
Gardado en:
| Autor Corporativo: | |
|---|---|
| Formato: | Texto |
| Publicado: |
s.c.e :
|
| Etiquetas: |
Engadir etiqueta
Sen Etiquetas, Sexa o primeiro en etiquetar este rexistro!
|
MARC
| LEADER | 00000 a a2200000 04500 | ||
|---|---|---|---|
| 001 | 16323 | ||
| 003 | |||
| 040 | |||
| 110 | |a Instituto Geográfico Nacional | ||
| 245 | |a Nombres geográficos de Costa Rica: Volumen 2 | ||
| 260 | |a s.c.e : | ||
| 300 | |a 87 p | ||
| 999 | |c 17336 |d 17336 | ||
